[Event "XLIV Capablanca Memorial Open"]
[Site "Havana CUB"]
[Date "2009.06.14"]
[Round "6"]
[White "Guerra Mendez,J"]
[Black "Gallego Alcaraz,A"]
[Result "0-1"]
[WhiteElo "2420"]
[BlackElo "2373"]
[EventDate "2009.06.08"]

1. e4 c5 2. b3 e6 3. Nc3 Nc6 4. Nf3 d6 5. Bb5 Bd7 6. O-O Nf6 7. Bb2 Be7 8.
Bxc6 Bxc6 9. e5 Ng4 10. Re1 Nxe5 11. Nxe5 dxe5 12. Rxe5 Bd6 13. Re3 h5 14.
g3 h4 15. Ne4 hxg3 16. fxg3 Bxe4 17. Rxe4 Qg5 18. Qg4 Qxg4 19. Rxg4 Bf8 20.
Re1 Rd8 21. d3 Rd5 22. Re2 a6 23. a4 Rh7 24. Kg2 g6 25. d4 cxd4 26. Bxd4 f5
27. c4 Rd6 28. Be5 fxg4 29. Bxd6 Bxd6 30. Rxe6+ Kd7 31. Rxg6 Re7 32. Rxg4
Re2+ 33. Kh3 Rb2 34. Rd4 Ke6 35. Rd3 Be5 36. a5 Ra2 37. b4 Rb2 38. b5 Ra2
39. Rb3 Bc7 40. Re3+ Kd6 41. b6 Bd8 42. Rd3+ Ke7 43. Rd5 Rc2 44. c5 Ke8 45.
Rh5 Be7 46. Rh8+ Bf8 47. Rh7 Be7 48. Rh8+ Kd7 49. c6+ Rxc6 50. Rb8 Rh6+ 51.
Kg4 Kc6 52. Rc8+ Kb5 53. Rc7 Bd6 54. Rxb7 Rxh2 55. Rd7 Kc6 56. Ra7 Bb4 57.
Rg7 Ra2 58. Rg6+ Bd6 59. Rg5 Ra3 60. Kh3 Rb3 61. Rg4 Rb5 62. Rc4+ Bc5 63.
g4 Rxa5 64. g5 Kxb6 65. g6 Bf8 66. Rf4 Rg5 67. Rxf8 Rxg6 68. Rf1 a5 69.
Rb1+ Kc5 70. Rc1+ Kb4 71. Rb1+ Kc3 72. Ra1 Ra6 73. Kg3 a4 74. Kf2 a3 0-1

[Event "XLIV Capablanca Memorial Open"]
[Site "Havana CUB"]
[Date "2009.06.14"]
[Round "6"]
[White "Aguero,L"]
[Black "Cori T.,D"]
[Result "0-1"]
[WhiteElo "2400"]
[BlackElo "2262"]
[EventDate "2009.06.08"]

1. Nf3 Nf6 2. g3 b5 3. Bg2 Bb7 4. Na3 a6 5. c4 b4 6. Nc2 e6 7. d4 a5 8. O-O
Be7 9. d5 O-O 10. Nh4 exd5 11. cxd5 Bc5 12. Nf5 d6 13. Bg5 Nbd7 14. Ncd4
Re8 15. e4 a4 16. Qd2 Ne5 17. Rfd1 Ra5 18. h4 g6 19. Nh6+ Kg7 20. Kh1 Ra7
21. b3 Ned7 22. Nc6 Bxc6 23. dxc6 Ne5 24. Rac1 axb3 25. axb3 Qe7 26. f4
Nxe4 27. Bxe4 f6 28. fxe5 fxg5 29. Qxg5 Qxg5 30. hxg5 Rxe5 31. Bf3 Rxg5 32.
Ng4 Ra2 33. Nh2 Rxg3 34. Rf1 Bd4 35. Rc4 Be5 36. Rh4 h5 37. Bd5 Rd2 38. Be4
d5 39. Bf3 Bd6 40. Rg1 Rxg1+ 41. Kxg1 Bg3 42. Rh3 Bf2+ 43. Kf1 h4 44. Be2
Bg3 45. Nf3 Rb2 46. Nxh4 Rxb3 47. Kg2 Rb2 48. Rxg3 Rxe2+ 49. Kf1 Re4 50.
Nxg6 Kf6 51. Nf8 Ke5 52. Nd7+ Kd4 53. Nb8 Kc4 54. Rg7 Kc3 55. Rxc7 b3 56.
Rb7 Rc4 57. c7 b2 58. Nd7 Kc2 59. Nf6 0-1

[Event "XLIV Capablanca Memorial Open"]
[Site "Havana CUB"]
[Date "2009.06.14"]
[Round "6"]
[White "Vigoa Apecheche,Yan"]
[Black "Garcia,Ser"]
[Result "1/2-1/2"]
[WhiteElo "2244"]
[BlackElo "2190"]
[EventDate "2009.06.08"]

1. e4 c5 2. Nf3 d6 3. c3 Nf6 4. Be2 Bd7 5. d3 Nc6 6. O-O g6 7. h3 Bg7 8.
Be3 O-O 9. Nbd2 e5 10. a4 b6 11. Nc4 Qc7 12. Qd2 d5 13. exd5 Nxd5 14. Bh6
f6 15. Bxg7 Kxg7 16. Rfd1 Rad8 17. Bf1 Be6 18. Qe1 Nf4 19. Rac1 Rfe8 20.
Rd2 Re7 21. Qd1 Red7 22. Qc2 Bd5 23. Ne3 Bxf3 24. gxf3 Ne7 25. b4 Nf5 26.
Nxf5+ gxf5 27. d4 e4 28. fxe4 Kh8 29. f3 Rg7+ 30. Kf2 Nxh3+ 31. Bxh3 Qg3+
32. Ke3 Qxh3 33. Rh2 Qg3 34. Qf2 Qd6 35. bxc5 bxc5 36. d5 Qe5 37. Rh4 Rxd5
38. Qh2 Qxh2 39. Rxh2 fxe4 40. fxe4 Rg3+ 41. Ke2 Re5 42. Rh4 f5 43. Kf2 Rg4
44. Rxg4 fxg4 45. Ke3 Kg7 46. Kf4 Re6 47. Rd1 Rg6 48. Rd7+ Kh6 49. Kg3 Ra6
50. Kxg4 Rxa4 51. Kf5 Rc4 52. Rd3 Kg7 53. Rd7+ Kh6 54. Rd3 Kg7 55. e5 Kf7
56. Rd7+ Ke8 57. Rxa7 Rxc3 58. Ke6 Kd8 59. Rxh7 Rd3 60. Rh6 Kc7 61. Rh4 Kc6
62. Re4 Rd4 1/2-1/2

[Event "XLIV Capablanca Memorial Open"]
[Site "Havana CUB"]
[Date "2009.06.14"]
[Round "6"]
[White "Alarcon,Rol"]
[Black "Perez,Je"]
[Result "1-0"]
[WhiteElo "2367"]
[BlackElo "2080"]
[EventDate "2009.06.08"]

1. d4 d5 2. Nf3 Nf6 3. Bf4 c6 4. Nbd2 h6 5. e3 Bf5 6. c4 e6 7. Qb3 Qc8 8.
Be2 Nbd7 9. h3 Be7 10. Rc1 O-O 11. O-O Ne4 12. Nxe4 Bxe4 13. Qc3 Qd8 14. c5
Re8 15. Ne5 Nxe5 16. Bxe5 Bf6 17. Bd6 Qd7 18. b4 b5 19. a4 a6 20. Ra1 Qb7
21. Ra3 Be7 22. Bg3 Rec8 23. Rfa1 Bd8 24. Qd2 Ra7 25. axb5 cxb5 26. Qe1
Rca8 27. R1a2 Rc8 28. Qf1 Rca8 29. Bd6 Bg6 30. Qa1 Qc6 31. Bf1 Be4 32. Be2
Bg6 33. Qf1 Qb7 34. Kh2 Be4 35. Rc3 Qc6 36. Kg1 Bg6 37. Bg3 Be4 38. Rca3
Qb7 39. f3 Bg6 40. Bd6 Bf6 41. Bg3 Bd8 42. Kh2 Be7 43. Kh1 Bd8 44. Bd6 Bg5
45. Qa1 Bd8 46. c6 Qxc6 47. Bc5 Rb7 48. Rxa6 Rxa6 49. Rxa6 Qc7 50. Ra8 Kh7
51. f4 Bh4 52. Kg1 Be4 1-0

[Event "XLIV Capablanca Memorial Open"]
[Site "Havana CUB"]
[Date "2009.06.14"]
[Round "6"]
[White "Gonzalez Vidal,Y"]
[Black "Gomez,Fe"]
[Result "1-0"]
[WhiteElo "2501"]
[BlackElo "2359"]
[EventDate "2009.06.08"]

1. e4 e5 2. Nf3 Nc6 3. Bc4 Nf6 4. d3 Bc5 5. c3 a6 6. Bb3 Ba7 7. O-O d6 8.
Be3 h6 9. Nbd2 O-O 10. h3 Be6 11. Bxe6 fxe6 12. Qb3 Qd7 13. Bxa7 Rxa7 14.
d4 exd4 15. cxd4 Raa8 16. Rac1 Rab8 17. Rc2 d5 18. Re1 Qf7 19. a3 Nh5 20.
Kh2 Kh8 21. Qe3 Rbe8 22. Rec1 Nf4 23. Rxc6 bxc6 24. Ne5 Qh5 25. Rxc6 Qd1
26. Ndf3 Qf1 27. Nh4 Ne2 28. f3 Rf6 29. Nhg6+ Kh7 30. Rc2 dxe4 31. Rxe2
exf3 32. Rf2 Qb1 33. Nf4 fxg2 34. Rxg2 g5 35. Qd3+ Qxd3 36. Nfxd3 Rd8 37.
Rc2 Rxd4 38. Rxc7+ Kg8 39. Kg2 h5 40. Rc4 Rd5 41. Rc6 a5 42. b4 axb4 43.
axb4 Kg7 44. Rc7+ Kh6 45. Re7 Rb5 46. Nd7 Rff5 47. Rxe6+ Kg7 48. N7c5 g4
49. hxg4 hxg4 50. Re4 Kh6 51. Kg3 Rb6 52. Ne5 Rf1 53. Nxg4+ Kg7 54. Re7+
Kf8 55. Re4 Rg6 56. Kg2 Rf5 57. Nd7+ Kf7 58. Kg3 Rd6 59. Nde5+ Kg7 60. Rc4
Rf1 61. Rc7+ Kg8 62. Rc8+ Kg7 63. Ne3 Rf8 64. Rc7+ Kg8 65. b5 Rb6 66. Nd5
Rxb5 67. Ne7+ Kg7 68. N7g6+ Kf6 69. Nxf8 Kxe5 70. Ng6+ Kf5 71. Nh4+ Kg5 72.
Rg7+ Kf6 73. Rg6+ Kf7 74. Ra6 Rb4 75. Ng6 Ke8 76. Ra7 Kd8 77. Ne7 Re4 78.
Nf5 Rb4 79. Kf3 Kc8 80. Ne7+ 1-0

[Event "XLIV Capablanca Memorial Open"]
[Site "Havana CUB"]
[Date "2009.06.14"]
[Round "6"]
[White "Arencibia Rodriguez,W"]
[Black "Alonso,J"]
[Result "1-0"]
[WhiteElo "2519"]
[BlackElo "2266"]
[EventDate "2009.06.08"]

1. d4 f5 2. Nf3 Nf6 3. g3 g6 4. Bg2 Bg7 5. O-O O-O 6. b3 d6 7. Bb2 Ne4 8.
Nfd2 Nxd2 9. Nxd2 Nc6 10. Nc4 e6 11. Qd2 Bd7 12. a4 Qe8 13. b4 d5 14. Na3
Ne7 15. b5 a6 16. c4 axb5 17. Nxb5 Bxb5 18. cxb5 Nc8 19. Rfc1 Rf7 20. e3
Bf8 21. Bf1 Nd6 22. Bd3 g5 23. Qe2 g4 24. a5 h5 25. a6 b6 26. h4 Ra7 27.
Rc6 Ne4 28. Kg2 Rg7 29. Ba3 Bxa3 30. Rxa3 Kh7 31. Qb2 Qg6 32. Rc1 Qf6 33.
Rc2 Qg6 34. Kf1 Qf6 35. Ke1 Qe7 36. Kd1 Qd6 37. Kc1 Qe7 38. Rb3 Qd6 39. Rc6
Qe7 40. Qe2 Rg6 41. Kb2 Qg7 42. Ka2 Qd7 43. Rc1 Qg7 44. Qc2 Qe7 45. Rb2 Qd6
46. Qc6 Qe7 47. Rbc2 Rg7 48. Rb2 Kh8 49. Qc2 Kg8 50. Qe2 Qd6 51. Qe1 Qe7
52. Rc6 Qf7 53. Be2 Qe8 54. Rcc2 Kh8 55. f3 gxf3 56. Bxf3 Nf6 57. Rb3 Qg8
58. Rg2 Qe8 59. Qc1 Qd7 60. Be2 Qd6 61. Bd3 Ng4 62. Rc3 Qb4 63. Rb2 Qd6 64.
Rc6 Qe7 65. Rbc2 Nf6 66. Qf1 Ne8 67. Qf4 Rg6 68. Qe5+ Qf6 69. Rxe6 Qxe5 70.
Rxe5 Nd6 71. Bxf5 Rxg3 72. Bd7 Kg7 73. Bc6 Nc4 74. Rxh5 Nxe3 75. Re2 Nd1
76. Ree5 Nc3+ 77. Kb2 Na4+ 78. Kc2 Rc3+ 79. Kd2 Rh3 80. Rxd5 Nb2 81. Rd7+
Kf6 82. Rh6+ Kf5 83. Rf7+ 1-0